Top 10 Fattest States - Statistics

General Stats
  • This quiz has been taken 18 times
  • The average score is 8 of 10
Answer Stats
Hint Answer % Correct
7. Alabama
100%
4. Mississippi
100%
3. Louisiana
92%
1. West Virginia
92%
2. Oklahoma
83%
10. Kentucky
75%
6. Ohio
75%
5. Tennessee
75%
8. Indiana
67%
9. Delaware
33%
No matching quizzes found
Score Distribution
Percent of People with Each Score
Percentile by Number Answered
Your Score History
You have not taken this quiz